[Event "Ruy Lopez"]
[Site "Gatineau CAN"]
[Date "2022.12.14"]
[Round "7"]
[White "Seguin, Hubert"]
[Black "Lecorre, Joel"]
[Result "0-1"]
[WhiteElo "1552"]
[BlackElo "1504"]
[PlyCount "70"]
[EventDate "2022.11.01"]
[EventType "swiss"]
[EventRounds "7"]
[EventCountry "CAN"]

1. e4 e6 2. d4 d5 3. e5 c5 4. c3 Nc6 5. Nf3 Qb6 6. Be2 Nge7 7. O-O cxd4 8. cxd4
Nf5 9. Nc3 Nfxd4 10. Nxd4 Nxd4 11. Na4 Nxe2+ 12. Qxe2 Qc7 13. b3 Bd7 14. Nb2
Rc8 15. Bd2 Ba3 16. Nd3 Bb5 17. Qe3 O-O 18. Rfd1 Bxd3 19. Qxd3 Qxe5 20. Re1 Qf6
21. Rad1 Rc6 22. Re3 Rfc8 23. Rf3 Qb2 24. Rg3 Rc2 25. Bh6 Bf8 26. Be3 Bc5 27.
Bxc5 R8xc5 28. Re3 Rxf2 29. Rg3 Rfc2 30. Rf1 Qc3 31. Qd1 Qd2 32. Qg4 g6 33. Qf3
Qd4+ 34. Kh1 f5 35. Rd1 Rc1 0-1

[Event "Ruy Lopez U1400"]
[Site "Gatineau CAN"]
[Date "2022.11.01"]
[Round "1"]
[White "Albert, Michel"]
[Black "Yang, James"]
[Result "0-1"]
[WhiteElo "1253"]
[BlackElo "1257"]
[PlyCount "114"]
[EventDate "2022.11.01"]
[EventType "swiss"]
[EventRounds "7"]
[EventCountry "CAN"]
[TimeControl "60+30"]

1. d4 d5 2. Bf4 Nf6 3. Nf3 Bg4 4. e3 e6 5. Be2 Bb4+ 6. c3 Bd6 7. Bg3 Bxg3 8.
hxg3 O-O 9. Nbd2 h6 10. Ne5 Bxe2 11. Qxe2 Qd6 12. c4 b6 13. b3 Nbd7 14. Ng4
Nxg4 15. Qxg4 Qa3 16. cxd5 Qb2 17. Rd1 Nf6 18. Qe2 exd5 19. O-O Qxa2 20. Qb5
Qa5 21. Qe2 c5 22. Ra1 Qb4 23. e4 Rfe8 24. f3 Qxd4+ 25. Kh1 Re5 26. Rf2 Rh5+
27. Kg1 dxe4 28. Ra4 exf3 29. Qxf3 Re8 30. Rxd4 Re1+ 31. Rf1 Rxf1+ 32. Nxf1
cxd4 33. Qa8+ Kh7 34. Qxa7 Ng4 35. Qxb6 Rf5 36. Nd2 d3 37. Qb4 h5 38. Qe4 g6
39. Qxd3 h4 40. Nf3 hxg3 41. Nh4 Rh5 42. Qf3 Rxh4 43. Qxf7+ Kh6 44. Qf4+ g5 45.
Qf8+ Kh5 46. Qf7+ Kh6 47. Qe6+ Kh5 48. b4 Nf2 49. Kf1 Rxb4 50. Ke2 Re4+ 51.
Qxe4 Nxe4 52. Ke3 Nf6 53. Kf3 Kh4 54. Ke3 Ng4+ 55. Kf3 Ne5+ 56. Ke3 Kg4 57. Ke4
Ng6 0-1

[Event "Ruy Lopez U1400"]
[Site "Gatineau CAN"]
[Date "2022.11.01"]
[Round "1"]
[White "Bernard, Pierre-Luc"]
[Black "Vachon, Jean-Clement"]
[Result "0-1"]
[WhiteElo "1202"]
[BlackElo "1133"]
[PlyCount "64"]
[EventDate "2022.11.01"]
[EventType "swiss"]
[EventRounds "7"]
[EventCountry "CAN"]
[TimeControl "60+30"]

1. e4 d5 2. exd5 Qxd5 3. Nc3 Qa5 4. Nf3 Bf5 5. d4 Nf6 6. Bd3 Bg6 7. Bxg6 hxg6
8. O-O c6 9. Bg5 Qc7 10. h3 e6 11. Ne5 Nbd7 12. Re1 Be7 13. Qf3 Nxe5 14. dxe5
Nd5 15. Bxe7 Qxe7 16. Ne4 O-O 17. b3 Nb6 18. c4 c5 19. Rad1 Nc8 20. Nd6 Nxd6
21. exd6 Qd7 22. Qg4 Rac8 23. h4 Rc6 24. Qf4 Rd8 25. Re3 Rxd6 26. Rde1 Rd1 27.
h5 Rxe1+ 28. Rxe1 gxh5 29. Qf3 Qd2 30. Rd1 Qxd1+ 31. Qxd1 Rxd1+ 32. Kh2 Rd2 0-1

[Event "Ruy Lopez U1400"]
[Site "Gatineau CAN"]
[Date "2022.11.01"]
[Round "1"]
[White "Chenard, Paul"]
[Black "Arcand, Pierre"]
[Result "0-1"]
[WhiteElo "993"]
[BlackElo "1139"]
[PlyCount "100"]
[EventDate "2022.11.01"]
[EventType "swiss"]
[EventRounds "7"]
[EventCountry "CAN"]
[TimeControl "60+30"]

1. e4 e5 2. Bc4 Nf6 3. Nc3 Nc6 4. Nf3 d6 5. h3 Be7 6. d3 a6 7. O-O b5 8. Bxf7+
Kxf7 9. Ng5+ Ke8 10. f4 Rf8 11. f5 Nd4 12. Nd5 Nxd5 13. Qh5+ Kd7 14. Nf7 Qe8
15. Nxe5+ dxe5 16. Qxh7 Nxc2 17. Rb1 Rf7 18. Qg6 Bb7 19. Kh2 Bf6 20. Qg3 Nf4
21. Rf2 Nd4 22. Bd2 Nfe2 23. Qe3 Qh8 24. Rxe2 Nxe2 25. Qxe2 Qh7 26. Ba5 Rh8 27.
Rc1 c6 28. Qf2 Bd8 29. Bb4 Bc7 30. d4 Qh4 31. Qg3 Qxg3+ 32. Kxg3 exd4+ 33. Kg4
Be5 34. Rc5 Bd6 35. e5 Bxc5 36. e6+ Ke8 37. exf7+ Kxf7 38. Bxc5 d3 39. Be3 Rd8
40. Bg5 d2 41. Bxd2 Rxd2 42. g3 Rxb2 43. Kg5 Rxa2 44. h4 c5 45. g4 Be4 46. h5
c4 47. Kf4 Bb1 48. g5 Rf2+ 49. Ke3 Rxf5 50. g6+ Kf6 0-1

[Event "Ruy Lopez U1400"]
[Site "Gatineau CAN"]
[Date "2022.11.01"]
[Round "1"]
[White "Couture, Vincent"]
[Black "Piche, Danielle"]
[Result "1-0"]
[WhiteElo "1367"]
[BlackElo "989"]
[PlyCount "37"]
[EventDate "2022.11.01"]
[EventType "swiss"]
[EventRounds "7"]
[EventCountry "CAN"]
[TimeControl "60+30"]

1. e4 e5 2. Nf3 Nc6 3. Bc4 Nf6 4. Ng5 d5 5. exd5 Nxd5 6. Nc3 Nxc3 7. bxc3 f6 8.
Nf7 Qe7 9. Nxh8 Bf5 10. O-O O-O-O 11. d3 g5 12. Nf7 Re8 13. a4 Nd8 14. Nxd8
Rxd8 15. Ba3 Qg7 16. Bxf8 Rxf8 17. Qf3 Qg6 18. Rab1 b6 19. Qa8+ 1-0

[Event "Ruy Lopez U1400"]
[Site "Gatineau CAN"]
[Date "2022.11.01"]
[Round "1"]
[White "Gagne, Learry"]
[Black "Boutin, Michel"]
[Result "1-0"]
[WhiteElo "1132"]
[BlackElo "1129"]
[PlyCount "39"]
[EventDate "2022.11.01"]
[EventType "swiss"]
[EventRounds "7"]
[EventCountry "CAN"]
[TimeControl "60/30:0"]

1. e4 e5 2. Nf3 Bd6 3. Nc3 Nf6 4. d4 c6 5. Bg5 h6 6. Bh4 Qe7 7. Bg3 Ng8 8. dxe5
Bc7 9. Be2 d6 10. exd6 Bxd6 11. Bxd6 Qe6 12. Bf4 Nd7 13. O-O Ngf6 14. e5 Nxe5
15. Nxe5 Qf5 16. Bg3 O-O 17. Bd3 Rd8 18. Bxf5 Rxd1 19. Raxd1 Bxf5 20. Rd2 1-0

[Event "Ruy Lopez U1400"]
[Site "Gatineau CAN"]
[Date "2022.11.01"]
[Round "1"]
[White "Godbout, Elliott"]
[Black "Arvisais, Eric"]
[Result "1-0"]
[WhiteElo "1370"]
[BlackElo "1190"]
[PlyCount "89"]
[EventDate "2022.11.01"]
[EventType "swiss"]
[EventRounds "7"]
[EventCountry "CAN"]
[TimeControl "60+30"]

1. d4 g6 2. c4 Bg7 3. Nf3 d6 4. Nc3 e6 5. Bf4 b6 6. e3 Ne7 7. Bd3 Nd7 8. O-O
Bb7 9. Be4 Bxe4 10. Nxe4 O-O 11. Nc3 h6 12. e4 a6 13. Qd2 f5 14. Bxh6 f4 15.
Bxf4 Kh7 16. Ng5+ Kg8 17. Nxe6 Qe8 18. Nxg7 Qf7 19. d5 Qxg7 20. Bh6 Qf7 21.
Bxf8 Qxf8 22. Rfe1 Ne5 23. Qe2 c6 24. g3 Nf3+ 25. Kg2 Nxe1+ 26. Rxe1 Re8 27.
Qg4 Qf7 28. Re3 Rf8 29. Rf3 Qxf3+ 30. Qxf3 Rxf3 31. Kxf3 Kf7 32. Kf4 Kf6 33. h4
cxd5 34. Nxd5+ Nxd5+ 35. exd5 b5 36. cxb5 axb5 37. a3 Kg7 38. Kg5 b4 39. a4 b3
40. a5 Kh7 41. a6 Kg7 42. a7 Kh7 43. a8=Q Kg7 44. Qb7+ Kh8 45. Kxg6 1-0

[Event "Ruy Lopez U1400"]
[Site "Gatineau CAN"]
[Date "2022.11.01"]
[Round "1"]
[White "Gratton, Marcel"]
[Black "Decarufel-Lebeau, Lucas"]
[Result "0-1"]
[WhiteElo "1102"]
[BlackElo "1389"]
[PlyCount "136"]
[EventDate "2022.11.01"]
[EventType "swiss"]
[EventRounds "7"]
[EventCountry "CAN"]
[TimeControl "60+30"]

1. e4 b6 2. d4 Bb7 3. Nc3 e6 4. Nf3 Nf6 5. Bg5 Bb4 6. a3 Bxc3+ 7. bxc3 Bxe4 8.
Bd3 Bxd3 9. cxd3 h6 10. Bh4 d6 11. c4 Qd7 12. O-O d5 13. Bxf6 gxf6 14. Re1 Nc6
15. c5 Rg8 16. cxb6 cxb6 17. Qa4 e5 18. h3 a5 19. Rab1 Rb8 20. dxe5 fxe5 21.
Nxe5 Nxe5 22. Qxd7+ Kxd7 23. Rxe5 Kd6 24. d4 f6 25. Rh5 Rg6 26. Rb5 Kc7 27.
Rbxd5 Rg5 28. Rdxg5 hxg5 29. Rh7+ Kd6 30. h4 Rg8 31. hxg5 Rxg5 32. Rh8 Kd5 33.
Rd8+ Kc4 34. Rd6 b5 35. Rxf6 Kxd4 36. Rc6 Rc5 37. Rd6+ Kc4 38. Re6 Kb3 39. f4
Kxa3 40. Re5 Kb4 41. Re4+ Kc3 42. Kf2 b4 43. Re3+ Kd4 44. g4 Rc2+ 45. Kf3 Rc3
46. Rxc3 bxc3 47. g5 c2 48. Kg4 c1=Q 49. g6 Ke4 50. f5 Qf4+ 51. Kh5 Qxf5+ 52.
Kh6 Kf4 53. g7 Qf6+ 54. Kh7 Qh4+ 55. Kg6 Qg5+ 56. Kh7 Qe7 57. Kh8 Qh4+ 58. Kg8
a4 59. Kf8 Qh6 60. Kg8 a3 61. Kf8 a2 62. Kf7 Qh7 63. Kf8 Qf5+ 64. Ke8 Qg5 65.
Kf8 a1=Q 66. g8=Q Qa8+ 67. Kf7 Qa7+ 68. Kf8 Qd8# 0-1

[Event "Ruy Lopez U1400"]
[Site "Gatineau CAN"]
[Date "2022.11.01"]
[Round "1"]
[White "Laflamme, Mathieu"]
[Black "Mailhiot, Michel"]
[Result "1-0"]
[WhiteElo "950"]
[BlackElo "987"]
[PlyCount "45"]
[EventDate "2022.11.01"]
[EventType "swiss"]
[EventRounds "7"]
[EventCountry "CAN"]
[TimeControl "60+30"]

1. e4 e5 2. Nf3 Nc6 3. Bc4 f6 4. Nc3 Bc5 5. d3 a6 6. O-O Nge7 7. a3 d6 8. b4
Bb6 9. Nd5 Bg4 10. Nxb6 cxb6 11. h3 Bh5 12. c3 a5 13. b5 Nb8 14. d4 Nd7 15.
dxe5 fxe5 16. Qxd6 Bxf3 17. Qe6 Rf8 18. gxf3 Nc5 19. Qxe5 Rxf3 20. Qh5+ Ng6 21.
Qxf3 Ne5 22. Qh5+ Kd7 23. Rd1+ 1-0

[Event "Ruy Lopez U1400"]
[Site "Gatineau CAN"]
[Date "2022.11.01"]
[Round "1"]
[White "Levesque, Sabin"]
[Black "Sosa, Byron"]
[Result "0-1"]
[WhiteElo "962"]
[BlackElo "1092"]
[PlyCount "68"]
[EventDate "2022.11.01"]
[EventType "swiss"]
[EventRounds "7"]
[EventCountry "CAN"]
[TimeControl "60+30"]

1. d4 d5 2. Nf3 Nc6 3. Bf4 f6 4. c3 Bf5 5. e3 e6 6. Bd3 Nge7 7. Nh4 g6 8. O-O
Qd7 9. Qe2 Bxd3 10. Qxd3 O-O-O 11. Na3 a6 12. c4 g5 13. Bxc7 Qxc7 14. c5 gxh4
15. e4 Ng6 16. exd5 exd5 17. Qf5+ Qd7 18. Qxd7+ Rxd7 19. Rfe1 Re7 20. Re3 Rg8
21. Rae1 Nf4 22. g3 Nh5 23. Kg2 Kd7 24. Nb1 Bh6 25. Rxe7+ Nxe7 26. b4 Nf4+ 27.
Kf1 hxg3 28. hxg3 Nd3 29. Rd1 Nxb4 30. a3 Nbc6 31. Nc3 Rg4 32. Na4 Rxd4 33.
Nb6+ Kc7 34. Na8+ Kd8 0-1

[Event "Ruy Lopez U1400"]
[Site "Gatineau CAN"]
[Date "2022.11.01"]
[Round "1"]
[White "Moraga, Hernan"]
[Black "Paradis, Emile"]
[Result "0-1"]
[WhiteElo "1234"]
[BlackElo "1340"]
[PlyCount "62"]
[EventDate "2022.11.01"]
[EventType "swiss"]
[EventRounds "7"]
[EventCountry "CAN"]
[TimeControl "60+30"]

1. e4 e5 2. Nf3 Nc6 3. Bb5 a6 4. Ba4 Nf6 5. d3 Bc5 6. h3 d5 7. Bxc6+ bxc6 8.
Nxe5 dxe4 9. Nc3 Qd4 10. Qe2 Qxe5 11. a3 O-O 12. Bd2 Re8 13. O-O-O exd3 14.
Qxd3 Bxf2 15. g4 Bb7 16. g5 Nd5 17. Nxd5 cxd5 18. Rhf1 Bh4 19. Bf4 Bxg5 20.
Rde1 Bxf4+ 21. Kb1 Qg5 22. Rxe8+ Rxe8 23. Qd4 Be5 24. Qg4 Qxg4 25. hxg4 f6 26.
Re1 Kf7 27. c3 Bg3 28. Rd1 h5 29. Rd3 h4 30. c4 h3 31. c5 h2 0-1

[Event "Ruy Lopez U1400"]
[Site "Gatineau CAN"]
[Date "2022.11.08"]
[Round "2"]
[White "Albert, Michel"]
[Black "Godbout, Elliott"]
[Result "0-1"]
[WhiteElo "1253"]
[BlackElo "1370"]
[PlyCount "66"]
[EventDate "2022.11.01"]
[EventType "swiss"]
[EventRounds "7"]
[EventCountry "CAN"]
[TimeControl "60+30"]

1. d4 d5 2. Bf4 e6 3. Nf3 Nf6 4. Nbd2 Bd6 5. Bg3 b6 6. c3 Bb7 7. e3 Nbd7 8. Be2
Qe7 9. Ne5 c5 10. f4 cxd4 11. cxd4 O-O 12. O-O Bb4 13. Bd3 Rac8 14. Bh4 Bxd2
15. Qxd2 Qe8 16. Rf3 Nxe5 17. fxe5 Ne4 18. Qe2 f6 19. Ba6 Bxa6 20. Qxa6 Rc7 21.
Qe2 fxe5 22. dxe5 Qc8 23. Rff1 Rxf1+ 24. Kxf1 Rc1+ 25. Rxc1 Qxc1+ 26. Be1 Qc7
27. Qh5 g6 28. Qe2 Qxe5 29. Bg3 Qxg3 30. Qc2 Qxe3 31. Qe2 Qxe2+ 32. Kxe2 Kf7
33. Ke3 Kf6 0-1

[Event "Ruy Lopez U1400"]
[Site "Gatineau CAN"]
[Date "2022.11.08"]
[Round "2"]
[White "Arcand, Pierre"]
[Black "Gagne, Learry"]
[Result "1-0"]
[WhiteElo "1139"]
[BlackElo "1132"]
[PlyCount "97"]
[EventDate "2022.11.01"]
[EventType "swiss"]
[EventRounds "7"]
[EventCountry "CAN"]
[TimeControl "60+30"]

1. e4 Nf6 2. Nc3 d6 3. Nf3 e5 4. Bc4 h6 5. h3 c5 6. Bb5+ Bd7 7. Bxd7+ Qxd7 8.
O-O Nc6 9. b3 Be7 10. Bb2 O-O 11. Re1 Bd8 12. Ne2 Re8 13. Ng3 b5 14. d3 Na5 15.
a4 bxa4 16. Rxa4 Rb8 17. Bc3 Nc6 18. Qa1 a5 19. Nd2 Nb4 20. Bxb4 Rxb4 21. Rxb4
axb4 22. Nc4 d5 23. Nxe5 Qd6 24. Nf3 Qc7 25. exd5 Rxe1+ 26. Qxe1 Nxd5 27. Qe8+
Kh7 28. Qe4+ g6 29. Qxd5 Qe7 30. Ne4 Bc7 31. Qxc5 Qxc5 32. Nxc5 Bd6 33. Ne4 Be7
34. c3 bxc3 35. Nxc3 f5 36. Nd5 Bd6 37. b4 Kg7 38. b5 Kf7 39. Nd4 Ke8 40. Nc6
Kd7 41. g4 fxg4 42. hxg4 Bc5 43. d4 Bd6 44. Kg2 Ke6 45. Ne3 h5 46. gxh5 gxh5
47. d5+ Kd7 48. b6 h4 49. b7 1-0

[Event "Ruy Lopez U1400"]
[Site "Gatineau CAN"]
[Date "2022.11.08"]
[Round "2"]
[White "Arvisais, Eric"]
[Black "Bernard, Pierre-Luc"]
[Result "0-1"]
[WhiteElo "1190"]
[BlackElo "1202"]
[PlyCount "82"]
[EventDate "2022.11.01"]
[EventType "swiss"]
[EventRounds "7"]
[EventCountry "CAN"]
[TimeControl "60+30"]

1. d4 Nf6 2. c4 g6 3. Nc3 Bg7 4. Nf3 d6 5. Bf4 O-O 6. e3 Nbd7 7. Bd3 Nh5 8. Bg3
f6 9. O-O Nxg3 10. fxg3 e5 11. Qb3 Kh8 12. Rae1 Qe7 13. Nb5 e4 14. Nxc7 Rb8 15.
Nd5 Qe8 16. Bc2 exf3 17. gxf3 f5 18. Qd3 Nf6 19. Nf4 Bd7 20. h4 b5 21. b3 bxc4
22. Qxc4 Bb5 23. Qc7 Bxf1 24. Kxf1 Rc8 25. Qxa7 Rxc2 26. d5 Qf7 27. Qa3 Nxd5
28. Qxd6 Nxf4 29. exf4 Rxa2 30. Rb1 Ra1 31. Rxa1 Bxa1 32. Qb6 Qd5 33. Kg2 Qd2+
34. Kh3 Qd1 35. Qf2 Bd4 36. Qg2 Re8 37. g4 Re2 38. gxf5 Rxg2 39. Kxg2 gxf5 40.
b4 Qd2+ 41. Kg3 Qxb4 {fiche impossible Ã  transcrire Ã  partir de ce point} 0-1

[Event "Ruy Lopez U1400"]
[Site "Gatineau CAN"]
[Date "2022.11.08"]
[Round "2"]
[White "Boutin, Michel"]
[Black "Chenard, Paul"]
[Result "1-0"]
[WhiteElo "1129"]
[BlackElo "993"]
[PlyCount "77"]
[EventDate "2022.11.01"]
[EventType "swiss"]
[EventRounds "7"]
[EventCountry "CAN"]
[TimeControl "60+30"]

1. e4 Nf6 2. Nc3 Nc6 3. Bc4 e5 4. Nge2 Bc5 5. a3 O-O 6. Ng3 g6 7. O-O h5 8. Nd5
Nd4 9. c3 Ne6 10. d3 h4 11. Qf3 Nxd5 12. exd5 Nf4 13. Ne4 d6 14. Bxf4 exf4 15.
Qxf4 f5 16. Ng5 Qf6 17. Qxh4 Qh8 18. Qf4 Rf6 19. d4 Bb6 20. a4 c5 21. a5 Bc7
22. dxc5 Qg7 23. Rfe1 dxc5 24. d6+ Kf8 25. dxc7 Bd7 26. Bd5 Re8 27. Bxb7 Bc8
28. Rxe8+ Kxe8 29. Bxc8 Qe7 30. Qa4+ Kf8 31. Rd1 Rd6 32. Rxd6 Qxd6 33. Nh7+ Ke7
34. Qh4+ Kf7 35. Ng5+ Kg7 36. Ne6+ Kf7 37. Qh7+ Kf6 38. Qh8+ Ke7 39. Qf8# 1-0

[Event "Ruy Lopez U1400"]
[Site "Gatineau CAN"]
[Date "2022.11.08"]
[Round "2"]
[White "Gratton, Constant"]
[Black "Couture, Vincent"]
[Result "0-1"]
[WhiteElo "1252"]
[BlackElo "1367"]
[PlyCount "70"]
[EventDate "2022.11.01"]
[EventType "swiss"]
[EventRounds "7"]
[EventCountry "CAN"]
[TimeControl "60+30"]

1. e4 e5 2. Nf3 Nc6 3. Bb5 Bc5 4. Nc3 Nf6 5. d3 Ng4 6. Nd5 Nxf2 7. Qe2 Nxh1 8.
Bd2 a6 9. Bxc6 bxc6 10. Nc3 Nf2 11. h3 O-O 12. Be3 Bxe3 13. Qxe3 Nh1 14. Nxe5
Qh4+ 15. Kd2 Ng3 16. a3 Nh5 17. Rf1 Ng3 18. Rf4 Qg5 19. d4 f6 20. Qf3 Nh5 21.
Nd3 Nxf4 22. Nxf4 d6 23. Kd3 Bd7 24. b4 f5 25. exf5 Rxf5 26. Nce2 Raf8 27. g3
R5f6 28. h4 Qb5+ 29. c4 Qa4 30. Kd2 Bf5 31. Nd3 Qxa3 32. Qxc6 Qxd3+ 33. Ke1 Bg4
34. Qd5+ Kh8 35. Qg2 Re6 0-1

[Event "Ruy Lopez U1400"]
[Site "Gatineau CAN"]
[Date "2022.11.08"]
[Round "2"]
[White "Paradis, Emile"]
[Black "Fiset, Daniel"]
[Result "1-0"]
[WhiteElo "1340"]
[BlackElo "1363"]
[PlyCount "47"]
[EventDate "2022.11.01"]
[EventType "swiss"]
[EventRounds "7"]
[EventCountry "CAN"]
[TimeControl "60+30"]

1. e4 d5 2. exd5 Qxd5 3. Nc3 Qa5 4. Bc4 Nf6 5. Nf3 Bf5 6. d3 e6 7. a3 c6 8. Bd2
Qc7 9. O-O Be7 10. Re1 O-O 11. Ne2 Nbd7 12. Bf4 Qb6 13. Ned4 c5 14. Nxf5 Rfe8
15. Nxe7+ Rxe7 16. b3 Rae8 17. Qd2 e5 18. Bg5 Qc6 19. Bxf6 Nxf6 20. a4 a6 21.
Qc3 b5 22. axb5 axb5 23. Nxe5 Qb7 24. Bxf7+ 1-0

[Event "Ruy Lopez U1400"]
[Site "Gatineau CAN"]
[Date "2022.11.08"]
[Round "2"]
[White "Simchowitz, Wladimir"]
[Black "Gratton, Marcel"]
[Result "0-1"]
[WhiteElo "1135"]
[BlackElo "1102"]
[PlyCount "52"]
[EventDate "2022.11.01"]
[EventType "swiss"]
[EventRounds "7"]
[EventCountry "CAN"]
[TimeControl "60+30"]

1. e4 e5 2. Nf3 Nc6 3. Nc3 Nf6 4. Bb5 a6 5. Bxc6 bxc6 6. Nxe5 Bd6 7. d4 Bb4 8.
Bd2 Bxc3 9. Bxc3 Nxe4 10. Qg4 Nxc3 11. bxc3 O-O 12. Qh5 Qe8 13. O-O d6 14. Nc4
Be6 15. Rfe1 d5 16. Ne5 f6 17. Qxe8 Rfxe8 18. Rab1 fxe5 19. dxe5 c5 20. Rb7
Rac8 21. Ra7 Ra8 22. Rxc7 c4 23. Rc6 Bf5 24. Re2 Rab8 25. e6 Rb1+ 26. Re1 Rxe1#
0-1

[Event "Ruy Lopez U1400"]
[Site "Gatineau CAN"]
[Date "2022.11.08"]
[Round "2"]
[White "Vachon, Jean-Clement"]
[Black "Fulton, John"]
[Result "1-0"]
[WhiteElo "1133"]
[BlackElo "1150"]
[PlyCount "42"]
[EventDate "2022.11.01"]
[EventType "swiss"]
[EventRounds "7"]
[EventCountry "CAN"]
[TimeControl "60+30"]

1. e4 Nc6 2. d4 d6 3. Nf3 b6 4. Bc4 e6 5. Nc3 Nf6 6. O-O d5 7. exd5 exd5 8.
Re1+ Be7 9. Bb3 Bg4 10. Ba4 Bd7 11. Bg5 Be6 12. Bxc6+ Kf8 13. Bxa8 Qxa8 14. Qe2
a6 15. Bxf6 gxf6 16. Nh4 f5 17. Nxf5 Rg8 18. Nxe7 Kxe7 19. f4 c6 20. f5 Qc8 21.
fxe6 fxe6 {impossible de poursuivre la transcription} 1-0

[Event "Ruy Lopez U1400"]
[Site "Gatineau CAN"]
[Date "2022.11.15"]
[Round "3"]
[White "Couture, Vincent"]
[Black "Gratton, Marcel"]
[Result "1-0"]
[WhiteElo "1357"]
[BlackElo "1102"]
[PlyCount "73"]
[EventDate "2022.11.01"]
[EventType "swiss"]
[EventRounds "7"]
[EventCountry "CAN"]
[TimeControl "60+30"]

1. d4 d5 2. f4 Nf6 3. Nc3 e6 4. Nf3 Bb4 5. Bd2 h6 6. a3 Bxc3 7. Bxc3 O-O 8. e3
b6 9. Ne5 c6 10. Bd3 Nbd7 11. Nxc6 Qe8 12. Bb4 Bb7 13. Bxf8 Nxf8 14. Ne5 N8d7
15. g4 Nxe5 16. fxe5 Ne4 17. Qf3 Qe7 18. h4 Bc6 19. O-O-O a5 20. g5 g6 21. gxh6
Kh7 22. Qf4 b5 23. h5 a4 24. hxg6+ fxg6 25. Bxe4 dxe4 26. Rdg1 Rf8 27. Qg4 Qe8
28. Rh5 Rf5 29. Rxf5 exf5 30. Qg5 Qe6 31. Kb1 Be8 32. Rd1 Qc4 33. Qe7+ Qf7 34.
Qg5 Qc4 35. d5 Bf7 36. Qf6 Kxh6 37. Rh1# 1-0

[Event "Ruy Lopez U1400"]
[Site "Gatineau CAN"]
[Date "2022.11.15"]
[Round "3"]
[White "Decarufel-Lebeau, Lucas"]
[Black "Paradis, Emile"]
[Result "1/2-1/2"]
[WhiteElo "1389"]
[BlackElo "1340"]
[PlyCount "75"]
[EventDate "2022.11.01"]
[EventType "swiss"]
[EventRounds "7"]
[EventCountry "CAN"]
[TimeControl "60+30"]

1. d4 d5 2. c4 c6 3. e3 Nf6 4. Nc3 Bf5 5. Bd3 Bg6 6. Bxg6 hxg6 7. h3 e6 8. Qc2
Qa5 9. Bd2 Bb4 10. a3 Na6 11. c5 Ne4 12. Ra2 Bxc3 13. bxc3 Nxd2 14. Qxd2 b6 15.
Ne2 bxc5 16. O-O cxd4 17. exd4 Qc7 18. Rb2 O-O 19. Rfb1 Rab8 20. Qd3 Rxb2 21.
Rxb2 Rb8 22. Rxb8+ Nxb8 23. h4 Nd7 24. h5 gxh5 25. g3 c5 26. Nf4 h4 27. Qe3
hxg3 28. fxg3 cxd4 29. cxd4 Qd6 30. Nh3 e5 31. Ng5 exd4 32. Qe8+ Nf8 33. Qxf7+
Kh8 34. Qh5+ Kg8 35. Kh2 Qxa3 36. Qf7+ Kh8 37. Qh5+ Kg8 38. Qf7+ 1/2-1/2

[Event "Ruy Lopez U1400"]
[Site "Gatineau CAN"]
[Date "2022.11.15"]
[Round "3"]
[White "Gagne, Learry"]
[Black "Vachon, Jean-Clement"]
[Result "0-1"]
[WhiteElo "1132"]
[BlackElo "1133"]
[PlyCount "62"]
[EventDate "2022.11.01"]
[EventType "swiss"]
[EventRounds "7"]
[EventCountry "CAN"]
[TimeControl "60+30"]

1. e4 d5 2. exd5 Qxd5 3. Nc3 Qa5 4. Nf3 Bf5 5. d4 e6 6. Bd3 Bg6 7. O-O Nf6 8.
Bd2 c6 9. Ne4 Qc7 10. Nxf6+ gxf6 11. Bc3 Nd7 12. Re1 Nb6 13. Ba5 Qd6 14. c4 c5
15. Be4 Bxe4 16. Rxe4 Rd8 17. b3 f5 18. Re2 cxd4 19. Bxb6 axb6 20. Rd2 Bg7 21.
a3 d3 22. Raa2 Bc3 23. b4 Bxd2 24. Rxd2 h6 25. Qa4+ Ke7 26. Qb5 Rd7 27. c5 bxc5
28. bxc5 Qa6 29. Qxa6 bxa6 30. Ne5 Rd5 31. Nxd3 Rhd8 0-1

[Event "Ruy Lopez U1400"]
[Site "Gatineau CAN"]
[Date "2022.11.15"]
[Round "3"]
[White "Godbout, Elliott"]
[Black "Gratton, Constant"]
[Result "1-0"]
[WhiteElo "1370"]
[BlackElo "1252"]
[PlyCount "85"]
[EventDate "2022.11.01"]
[EventType "swiss"]
[EventRounds "7"]
[EventCountry "CAN"]
[TimeControl "60+30"]

1. d4 d5 2. c4 dxc4 3. e3 Be6 4. Qc2 Nf6 5. Bxc4 Qd6 6. Bxe6 Qxe6 7. Qxc7 Qc6
8. Qxc6+ Nxc6 9. Bd2 e6 10. Nc3 Nb4 11. Rd1 Nd3+ 12. Ke2 Nxb2 13. Rb1 Ba3 14.
Nb5 Nc4 15. Nc7+ Kd7 16. Nxa8 Kc6 17. Nf3 Rxa8 18. Bb4 b5 19. Ne5+ Nxe5 20.
dxe5 Nd5 21. Bxa3 Nc3+ 22. Kd3 Nxb1 23. Rxb1 Rd8+ 24. Ke4 Rd2 25. Rb2 Rd1 26.
g3 a5 27. Rc2+ Kb6 28. Bc5+ Ka6 29. Bd4 a4 30. a3 Ra1 31. Bc5 Ka5 32. Kd3 Rd1+
33. Rd2 Rb1 34. Bb4+ Ka6 35. Ke4 Rh1 36. h4 Rc1 37. Rd7 f5+ 38. exf6 gxf6 39.
Rd6+ Kb7 40. Rxe6 Rf1 41. Rxf6 Kc7 42. Rf7+ Kd8 43. Rxh7 1-0

[Event "Ruy Lopez U1400"]
[Site "Gatineau CAN"]
[Date "2022.11.15"]
[Round "3"]
[White "Laflamme, Mathieu"]
[Black "Levesque, Sabin"]
[Result "1-0"]
[WhiteElo "950"]
[BlackElo "952"]
[PlyCount "69"]
[EventDate "2022.11.01"]
[EventType "swiss"]
[EventRounds "7"]
[EventCountry "CAN"]
[TimeControl "60+30"]

1. e4 e6 2. d4 Nc6 3. Nc3 Nf6 4. Bc4 Ne7 5. Nf3 d5 6. exd5 exd5 7. Bb3 Nc6 8.
O-O Bd6 9. Nxd5 Ng4 10. h3 Nxf2 11. Qe1+ Be6 12. Qxf2 O-O 13. Qh4 h6 14. Qxd8
Raxd8 15. Be3 Nb4 16. Nxb4 Bxb3 17. axb3 Bxb4 18. Rxa7 Rfe8 19. Bf4 Re2 20. c3
Bd6 21. Bxd6 Rxd6 22. Re1 Rxb2 23. Rxb7 Rg6 24. Nh4 Rc6 25. c4 g5 26. d5 Rd6
27. Nf3 g4 28. hxg4 Rg6 29. Rf1 Rxg4 30. Rf2 Rb1+ 31. Kh2 Rf4 32. Rxc7 Rxb3 33.
Re2 Rfxf3 34. gxf3 Rxf3 35. d6 1-0

[Event "Ruy Lopez U1400"]
[Site "Gatineau CAN"]
[Date "2022.11.22"]
[Round "4"]
[White "Chenard, Paul"]
[Black "Kotagbia, Fely"]
[Result "0-1"]
[WhiteElo "993"]
[BlackElo "950"]
[PlyCount "62"]
[EventDate "2022.11.01"]
[EventType "swiss"]
[EventRounds "7"]
[EventCountry "CAN"]
[TimeControl "60+30"]

1. e4 e5 2. Nf3 d6 3. Nc3 Bg4 4. Be2 g6 5. d4 Bg7 6. h3 Bd7 7. dxe5 dxe5 8. Bg5
Qc8 9. Nd5 f6 10. Be3 c6 11. Nb4 a5 12. Bb6 axb4 13. Qd6 Bf8 14. Qd2 c5 15.
O-O-O Qc6 16. Bxc5 Qxc5 17. Nh4 Rxa2 18. c3 Qa5 19. cxb4 Ra1+ 20. Kc2 Qa4+ 21.
b3 Ra2+ 22. Kb1 Ra1+ 23. Kb2 Qa2+ 24. Kc3 Bxb4+ 25. Kxb4 Na6+ 26. Kc3 Qa5+ 27.
Kc2 Ra2+ 28. Kb1 Rxd2 29. Rxd2 Qxd2 30. Rc1 Nb4 31. Bf1 Qa2# 0-1

[Event "Ruy Lopez U1400"]
[Site "Gatineau CAN"]
[Date "2022.11.22"]
[Round "4"]
[White "Decarufel-Lebeau, Lucas"]
[Black "Godbout, Elliott"]
[Result "0-1"]
[WhiteElo "1389"]
[BlackElo "1370"]
[PlyCount "90"]
[EventDate "2022.11.01"]
[EventType "swiss"]
[EventRounds "7"]
[EventCountry "CAN"]
[TimeControl "60+30"]

1. d4 d5 2. c4 e6 3. Nc3 Nf6 4. e3 Be7 5. Bd3 c5 6. e4 cxd4 7. Nb5 a6 8. Nxd4
dxe4 9. Bc2 Bb4+ 10. Bd2 Qxd4 11. Bxb4 Qxc4 12. Qd6 Nc6 13. a3 Nxb4 14. axb4
Qxc2 15. Rd1 Nd5 16. Ne2 Qc7 17. Rxd5 Qxd6 18. Rxd6 Bd7 19. Nd4 Rc8 20. Nb3 Ke7
21. Rd4 Bb5 22. Nc5 b6 23. Kd2 bxc5 24. bxc5 Rxc5 25. Ke3 Rd8 26. Rxd8 Kxd8 27.
Rd1+ Rd5 28. Rc1 f5 29. b4 g5 30. g3 Rd3+ 31. Ke2 Rc3+ 32. Kd2 Rxc1 33. Kxc1 f4
34. gxf4 gxf4 35. Kd2 Kd7 36. Kc3 e5 37. Kd2 Kd6 38. h4 Kd5 39. h5 Kd4 40. h6
e3+ 41. fxe3+ fxe3+ 42. Ke1 e2 43. Kd2 Ke4 44. Ke1 Kf3 45. Kd2 Kf2 0-1